[Event "Mondiale Lampo FIDE 2019"]
[Site "Mosca"]
[Date "30.12.2019"]
[Round "13.54"]
[White "Jumabayev, Rinat"]
[Black "Can, Emre"]
[Result "1/2-1/2"]
[WhiteTitle "GM"]
[BlackTitle "GM"]
[WhiteElo "2646"]
[BlackElo "2600"]
[WhiteFideId "13702661"]
[BlackFideId "6302181"]
[EventDate "2019.12.29"]

1. Nf3 c5 2. b3 Nc6 3. Bb2 d5 4. e3 a6 5. g3 Nf6 6. Bg2 Bg4 7. h3 Bh5 8. O-O e6
9. c4 d4 10. exd4 cxd4 11. d3 Bc5 12. Na3 O-O 13. Nc2 e5 14. b4 Nxb4 15. Nxb4
Bxb4 16. g4 Bg6 17. Nxe5 Nd7 18. Nxg6 fxg6 19. Bxd4 Kh8 20. Rb1 a5 21. a3 Bxa3
22. Rxb7 Bd6 23. c5 Bc7 24. Re1 Rb8 25. c6 Nf6 26. Be5 Bxe5 27. Rxe5 Qd4 28. Qe2
a4 29. c7 Rbc8 30. Qe3 Qa1+ 31. Kh2 a3 32. Ra5 Qc3 33. Qc5 Qd2 34. Rxa3 Nd7 35.
Qe3 Qc2 36. d4 Rxc7 37. Rxc7 Qxc7+ 38. Qg3 Qc2 39. f4 Nf6 40. d5 Nxd5 41. Qd3
Qxd3 42. Rxd3 Nxf4 43. Rf3 g5 44. Bf1 Rd8 45. Kg1 h6 46. Re3 Kg8 47. Kf2 Kf8 48.
Ra3 Rd2+ 49. Kg1 Ke7 50. Re3+ Kd6 51. Re8 Kc6 52. Re7 g6 53. Rh7 h5 54. gxh5
gxh5 55. Rg7 Ne6 56. Rg6 Kd5 57. Bc4+ Kxc4 58. Rxe6 Rd5 59. Kg2 Kd4 60. Rh6 h4
61. Re6 Re5 62. Rxe5 Kxe5 63. Kf3 Kf5 64. Ke3 Ke5 65. Kf3 Kf5 66. Ke3 g4 67.
hxg4+ Kxg4 68. Ke4 1/2-1/2

[Event "Mondiale Lampo FIDE 2019"]
[Site "Mosca"]
[Date "30.12.2019"]
[Round "13.55"]
[White "Golubov, Saveliy"]
[Black "Baron, Tal"]
[Result "1-0"]
[WhiteTitle "IM"]
[BlackTitle "GM"]
[WhiteElo "2469"]
[BlackElo "2541"]
[WhiteFideId "24176729"]
[BlackFideId "2809958"]
[EventDate "2019.12.29"]

1. d4 Nf6 2. Nf3 d5 3. c3 e6 4. Bf4 Bd6 5. Bg3 O-O 6. Nbd2 b6 7. e3 c5 8. Bd3
Ba6 9. Bxa6 Nxa6 10. Qe2 Nb8 11. Bh4 Nbd7 12. e4 dxe4 13. Nxe4 Be7 14. Nxf6+
Bxf6 15. Bxf6 Qxf6 16. O-O Rfd8 17. Rad1 h6 18. h3 cxd4 19. Nxd4 Nc5 20. Nc6
Rxd1 21. Rxd1 a5 22. Qb5 Ne4 23. Qxb6 e5 24. f3 Ng3 25. Rd8+ Rxd8 26. Qxd8+ Qxd8
27. Nxd8 Ne2+ 28. Kf2 Nc1 29. Ke3 a4 30. Kd2 Nxa2 31. Kc2 f5 32. Nc6 e4 33. Ne7+
Kf7 34. Nxf5 exf3 35. gxf3 Kf6 36. Nd4 Ke5 37. Ne2 Kd5 38. Kb1 Nb4 39. cxb4 Kc4
40. Kc2 Kd5 1-0

[Event "Mondiale Lampo FIDE 2019"]
[Site "Mosca"]
[Date "30.12.2019"]
[Round "13.56"]
[White "Drygalov, Sergey"]
[Black "Bosiocic, Marin"]
[Result "1-0"]
[WhiteTitle "IM"]
[BlackTitle "GM"]
[WhiteElo "2473"]
[BlackElo "2623"]
[WhiteFideId "24171743"]
[BlackFideId "14507927"]
[EventDate "2019.12.29"]

1. d4 Nf6 2. Nf3 e6 3. c4 d5 4. Nc3 Bb4 5. Qa4+ Nc6 6. e3 O-O 7. Qc2 Re8 8. a3
Bf8 9. Bd2 Bd7 10. Be2 b6 11. O-O Na5 12. cxd5 exd5 13. Ne5 c6 14. b4 Nb7 15. e4
dxe4 16. Nxe4 Nxe4 17. Qxe4 Nd6 18. Qf3 f6 19. Nxd7 Qxd7 20. Bd3 f5 21. Bf4 g6
22. Rac1 Rac8 23. Rfe1 Bg7 24. Be5 Nf7 25. Bc4 Kh8 26. Bxf7 Qxf7 27. Rxc6 Rcd8
28. h3 Re7 29. Bxg7+ Qxg7 30. Rxe7 Qxe7 31. Qf4 Rd7 32. Qe5+ Qxe5 33. dxe5 f4
34. h4 Kg7 35. Rc4 Re7 36. Rxf4 Rxe5 37. Rc4 Re7 38. g3 Kf6 39. Rc3 Re1+ 40. Kg2
Ra1 41. Rc7 Rxa3 42. Rxh7 b5 43. Rb7 a6 44. g4 Ke5 45. f3 Ra4 46. Rb6 Kf4 47.
Rf6+ Ke5 48. Rxg6 Kf4 49. Rf6+ Ke5 50. Rf5+ Ke6 51. Rh5 Kf7 52. Rh6 Kg7 53. Rb6
Rxb4 54. Rxa6 Rb1 55. h5 b4 56. Rb6 b3 57. g5 b2 58. Rb7+ Kg8 59. h6 1-0

[Event "Mondiale Lampo FIDE 2019"]
[Site "Mosca"]
[Date "30.12.2019"]
[Round "13.57"]
[White "Santos Ruiz, Miguel"]
[Black "Castellanos Rodriguez, Renier"]
[Result "0-1"]
[WhiteTitle "GM"]
[BlackTitle "IM"]
[WhiteElo "2585"]
[BlackElo "2474"]
[WhiteFideId "22291482"]
[BlackFideId "3404650"]
[EventDate "2019.12.29"]

1. e4 c5 2. Nf3 d6 3. d4 cxd4 4. Nxd4 Nf6 5. Nc3 a6 6. Be2 e6 7. f4 Nc6 8. Be3
Be7 9. g4 O-O 10. g5 Nd7 11. h4 Rb8 12. h5 Qa5 13. a3 Nxd4 14. Qxd4 e5 15. Qd2
exf4 16. Bxf4 Ne5 17. h6 g6 18. b4 Qd8 19. Nd5 Be6 20. Nxe7+ Qxe7 21. Rd1 Rfd8
22. O-O Rbc8 23. Rf2 Bc4 24. Rdf1 Bxe2 25. Qxe2 b5 26. Bxe5 Qxg5+ 27. Kh1 dxe5
28. Rxf7 Rd2 0-1

[Event "Mondiale Lampo FIDE 2019"]
[Site "Mosca"]
[Date "30.12.2019"]
[Round "13.58"]
[White "Yilmaz, Mustafa"]
[Black "Laznicka, Viktor"]
[Result "1-0"]
[WhiteTitle "GM"]
[BlackTitle "GM"]
[WhiteElo "2604"]
[BlackElo "2648"]
[WhiteFideId "6302718"]
[BlackFideId "316385"]
[EventDate "2019.12.29"]

1. e4 d5 2. exd5 Qxd5 3. Nc3 Qa5 4. d4 Nf6 5. Nf3 Bf5 6. Ne5 c6 7. Bf4 Nbd7 8.
Nc4 Qd8 9. Ne3 Bg6 10. h4 h6 11. h5 Bh7 12. Bd3 Bxd3 13. Qxd3 e6 14. O-O-O Be7
15. Kb1 b5 16. g4 b4 17. Ne4 Nd5 18. Nd6+ Kf8 19. Bg3 N7f6 20. Ndc4 a5 21. Ne5
Qb6 22. N3c4 Qb5 23. f4 Ne8 24. Rhe1 Nec7 25. f5 Bf6 26. Nxf7 Rg8 27. fxe6 b3
28. Bd6+ Ne7 29. Qxb3 Nd5 30. Nce5 Qa6 31. Nd7+ Ke8 32. Bc5 a4 33. Qg3 Nc8 34.
Nxf6+ gxf6 35. Nxh6 Rg7 36. Nf5 Rb7 37. h6 Qb5 38. Ba3 Rab8 39. Ng7+ Rxg7 40.
hxg7 Nce7 41. Rh1 Ng8 42. Qd6 1-0

[Event "Mondiale Lampo FIDE 2019"]
[Site "Mosca"]
[Date "30.12.2019"]
[Round "13.59"]
[White "Sjugirov, Sanan"]
[Black "Murzin, Volodar"]
[Result "1/2-1/2"]
[WhiteTitle "GM"]
[BlackTitle "IM"]
[WhiteElo "2665"]
[BlackElo "2442"]
[WhiteFideId "4189302"]
[BlackFideId "44155573"]
[EventDate "2019.12.29"]

1. e4 c6 2. d4 d5 3. Nc3 dxe4 4. Nxe4 Bf5 5. Ng3 Bg6 6. Nf3 Nd7 7. Bd3 e6 8. O-O
Ngf6 9. c4 Bxd3 10. Qxd3 Bd6 11. Re1 O-O 12. a3 a5 13. b3 Qc7 14. Bb2 Rad8 15.
Rad1 Qb8 16. Qc2 Bxg3 17. hxg3 b5 18. Bc1 a4 19. bxa4 bxc4 20. Qxc4 Qa8 21. Qc2
Nb6 22. Ne5 Nfd5 23. a5 Qxa5 24. Nxc6 Rc8 25. Qxh7+ Kxh7 26. Nxa5 Rc3 27. Nb7
Nc4 28. Nc5 Rc2 29. Rd3 Rb8 30. Rb3 Rxb3 31. Nxb3 Ra2 32. Nc5 Nxa3 33. Bxa3 Rxa3
34. Nd7 g6 35. Ne5 Kg7 36. Rb1 Ra7 37. Kh2 Rc7 38. Rb3 Ne7 39. g4 Nd5 40. Kg3 g5
41. Kh2 f6 42. Nd3 Kg6 43. Rb2 Rc4 44. Nc5 Rxd4 45. Nxe6 Rxg4 46. f3 1/2-1/2

[Event "Mondiale Lampo FIDE 2019"]
[Site "Mosca"]
[Date "30.12.2019"]
[Round "13.60"]
[White "Vokhidov, Shamsiddin"]
[Black "Meier, Georg"]
[Result "0-1"]
[WhiteTitle "IM"]
[BlackTitle "GM"]
[WhiteElo "2526"]
[BlackElo "2626"]
[WhiteFideId "14204223"]
[BlackFideId "4675789"]
[EventDate "2019.12.29"]

1. e4 e6 2. d4 d5 3. Nd2 c5 4. Ngf3 cxd4 5. exd5 Qxd5 6. Bc4 Qd7 7. O-O Nc6 8.
Nb3 Nf6 9. Nbxd4 Nxd4 10. Nxd4 a6 11. Re1 Qc7 12. Bf1 Be7 13. Qf3 O-O 14. Bf4
Bd6 15. Bxd6 Qxd6 16. Rad1 Qc7 17. Qg3 Qxg3 18. hxg3 Bd7 19. Nf3 Rfd8 20. Ne5
Be8 21. f3 Kf8 22. Kf2 b5 23. c3 Rac8 24. g4 h6 25. g3 Rd5 26. Rxd5 Nxd5 27. f4
Nb6 28. Rd1 Ke7 29. Bg2 a5 30. Be4 f6 31. Nd3 Nc4 32. Ke2 Bd7 33. Bf3 Rc7 34. b3
Nb6 35. Rc1 Kd6 36. Nf2 Ke7 37. Kd2 Nc8 38. c4 bxc4 39. Rxc4 Rxc4 40. bxc4 e5
41. Nd3 Be6 42. Kc3 Nb6 43. fxe5 Nxc4 44. exf6+ Kxf6 45. Nc5 Ne5 46. g5+ hxg5
47. Nxe6 Nxf3 48. Nc5 Kf5 49. Kc4 Kg4 50. Kb5 Kxg3 51. Kxa5 g4 52. a4 Kf4 53.
Nd3+ Ke3 54. Nc5 0-1

[Event "Mondiale Lampo FIDE 2019"]
[Site "Mosca"]
[Date "30.12.2019"]
[Round "13.61"]
[White "Melkumyan, Hrant"]
[Black "Potkin, Vladimir"]
[Result "1-0"]
[WhiteTitle "GM"]
[BlackTitle "GM"]
[WhiteElo "2668"]
[BlackElo "2583"]
[WhiteFideId "13302485"]
[BlackFideId "4131061"]
[EventDate "2019.12.29"]

1. d4 Nf6 2. c4 g6 3. Nc3 d5 4. Nf3 Bg7 5. Bg5 Ne4 6. Bf4 c6 7. e3 Qa5 8. Qb3
Nd7 9. cxd5 Nxc3 10. Qxc3 Qxc3+ 11. bxc3 cxd5 12. Bd3 O-O 13. Ke2 f6 14. Bc2 e5
15. Bg3 b6 16. Rhc1 Ba6+ 17. Ke1 Rac8 18. Ba4 b5 19. Bb3 Bb7 20. a4 e4 21. Nd2
b4 22. Nxe4 Bc6 23. cxb4 Nb6 24. Nd6 Rc7 25. b5 1-0

[Event "Mondiale Lampo FIDE 2019"]
[Site "Mosca"]
[Date "30.12.2019"]
[Round "13.62"]
[White "Yanchenko, Roman"]
[Black "Postny, Evgeny"]
[Result "0-1"]
[WhiteTitle "FM"]
[BlackTitle "GM"]
[WhiteElo "2463"]
[BlackElo "2605"]
[WhiteFideId "4137329"]
[BlackFideId "2804344"]
[EventDate "2019.12.29"]

1. d4 Nf6 2. c4 e6 3. Nf3 b6 4. g3 Bb4+ 5. Bd2 Bxd2+ 6. Qxd2 Ba6 7. b3 c6 8. Bg2
d5 9. Ne5 Nfd7 10. Nxd7 Nxd7 11. Qc2 O-O 12. O-O Rc8 13. Rd1 Qe7 14. e4 dxc4 15.
bxc4 e5 16. Qa4 Nb8 17. Nc3 exd4 18. Rxd4 Rfd8 19. Rad1 Rxd4 20. Rxd4 Rd8 21.
Qd1 Rxd4 22. Qxd4 Nd7 23. Bf1 Ne5 24. Kg2 h6 25. f4 Nd7 26. Kf2 Nc5 27. e5 Bc8
28. Ne4 Nxe4+ 29. Qxe4 Qc5+ 30. Kg2 g6 31. Qd3 Bf5 32. Qd8+ Kh7 33. Bd3 Be6 34.
Qf6 Bxc4 35. Bxc4 Qxc4 36. g4 Qe6 37. Qh4 Qxa2+ 38. Kg3 Qb3+ 39. Kf2 Qc4 40. Ke3
Qxf4+ 41. Kd3 Qg5 42. Qg3 Qd8+ 43. Kc2 Qd5 44. h4 a5 45. h5 g5 46. Kb1 a4 47.
Qf2 Kg8 48. Qf5 Qe6 49. Qe4 b5 50. Kb2 Qb3+ 51. Ka1 Qc3+ 52. Kb1 Qb3+ 53. Ka1
Qd5 54. Qf5 b4 55. Qc8+ Kg7 56. Qf5 a3 57. Qf6+ Kg8 58. e6 Qxe6 59. Qd8+ Kg7 60.
Qd1 Qe5+ 0-1

[Event "Mondiale Lampo FIDE 2019"]
[Site "Mosca"]
[Date "30.12.2019"]
[Round "13.63"]
[White "Zarnicki, Pablo"]
[Black "Riazantsev, Alexander"]
[Result "0-1"]
[WhiteTitle "GM"]
[BlackTitle "GM"]
[WhiteElo "2514"]
[BlackElo "2639"]
[WhiteFideId "100137"]
[BlackFideId "4125029"]
[EventDate "2019.12.29"]

1. e4 c6 2. Nf3 d5 3. exd5 cxd5 4. Ne5 Nc6 5. d4 Nf6 6. c3 Bf5 7. Bb5 Qb6 8. Qb3
Rc8 9. Bf4 e6 10. Nd2 Be7 11. Ba4 Qa6 12. Bb5 Qb6 13. Ba4 Qa6 14. Bb5 Qb6 15.
Ba4 O-O 16. Qxb6 axb6 17. O-O Nxe5 18. Bxe5 Bd3 19. Rfe1 b5 20. Bb3 b4 21. Re3
Bg6 22. h3 Nd7 23. Bf4 bxc3 24. bxc3 Ba3 25. Rd1 Nb6 26. Nf3 Be4 27. Ng5 Bf5 28.
g4 Bg6 29. Nf3 Nc4 30. Bxc4 dxc4 31. Ne5 Bc2 32. Rd2 Ba4 33. Re1 f6 34. Nf3 Bc6
35. Nh2 Bd5 36. Nf1 b5 37. Ne3 b4 38. Nxd5 exd5 39. Rc2 b3 40. Rce2 b2 41. Rb1
Rfe8 42. Kf1 Kf7 43. Be3 Re6 44. Ke1 h5 45. Kd2 hxg4 46. hxg4 Rh8 47. Kc2 Rh4
48. f3 Rh3 49. Rf1 Rh8 50. Rfe1 Rhe8 51. Kd2 Bd6 52. Rb1 Bf4 53. Rxb2 Rxe3 54.
Rxe3 Rxe3 55. Rb5 Rxf3+ 56. Kc2 Rf2+ 57. Kb1 Ke6 58. a4 Rh2 59. Rb6+ Bd6 60. a5
Rh8 61. Kc2 Ra8 62. a6 g5 63. Kd2 Kd7 64. Rb7+ Bc7 65. Ke3 Kc6 66. Rb1 Rxa6 67.
Rf1 Bf4+ 68. Kf3 Ra3 69. Kg2 Rxc3 70. Ra1 Rb3 71. Ra6+ Kb5 72. Rxf6 c3 0-1

[Event "Mondiale Lampo FIDE 2019"]
[Site "Mosca"]
[Date "30.12.2019"]
[Round "13.64"]
[White "Guseinov, Gadir"]
[Black "Harsha, Bharathakoti"]
[Result "0-1"]
[WhiteTitle "GM"]
[BlackTitle "GM"]
[WhiteElo "2666"]
[BlackElo "2523"]
[WhiteFideId "13401378"]
[BlackFideId "5078776"]
[EventDate "2019.12.29"]

1. e4 c5 2. Nc3 d6 3. Bb5+ Nd7 4. f4 a6 5. Bxd7+ Bxd7 6. Nf3 g6 7. O-O Bg7 8. d3
e6 9. Be3 Ne7 10. Kh1 Nc6 11. e5 dxe5 12. Bxc5 b6 13. Ba3 f5 14. fxe5 Nxe5 15.
Nxe5 Bxe5 16. d4 Bf6 17. d5 e5 18. Qe2 Kf7 19. Rf2 h5 20. Raf1 Kg7 21. Ne4 Re8
22. Nd6 Rf8 23. c4 e4 24. Nxe4 Re8 25. Rf4 Rxe4 26. Rxe4 fxe4 27. Qxe4 Qe8 28.
Qf3 Qe5 29. d6 Rf8 30. Qb7 Rf7 31. Qxb6 Qe2 32. Rg1 h4 33. h3 Qxc4 34. Qe3 Qxa2
35. Qd3 Qe6 36. Qxa6 Qe4 37. Qa5 Bxh3 38. Qb4 Qxb4 39. Bxb4 Bd7 40. Ba3 g5 41.
b4 Bd4 42. Rd1 Bb6 43. Bb2+ Kg6 44. Kh2 g4 45. Bd4 g3+ 46. Kg1 Bxd4+ 47. Rxd4
Kg5 48. b5 Bxb5 49. Rd5+ Rf5 50. Rd1 Bd7 51. Rd4 Rf4 52. Rd5+ Kf6 53. Rd1 Re4
54. Rf1+ Ke6 55. Rd1 Re2 56. Kf1 Rf2+ 57. Kg1 Bc6 58. Rc1 Rxg2+ 59. Kf1 Rf2+ 60.
Ke1 Kxd6 0-1

[Event "Mondiale Lampo FIDE 2019"]
[Site "Mosca"]
[Date "30.12.2019"]
[Round "13.65"]
[White "Reshetnikov, Alexey"]
[Black "Belov, Vladimir"]
[Result "1-0"]
[WhiteTitle "IM"]
[BlackTitle "GM"]
[WhiteElo "2492"]
[BlackElo "2598"]
[WhiteFideId "4162080"]
[BlackFideId "4132394"]
[EventDate "2019.12.29"]

1. c4 c5 2. Nc3 Nf6 3. Nf3 e6 4. g3 b6 5. Bg2 Bb7 6. O-O Be7 7. d4 cxd4 8. Qxd4
d6 9. b3 O-O 10. Ba3 Na6 11. Rad1 Nc5 12. Bb2 a6 13. Qf4 Qc7 14. g4 e5 15. Qg3
Nce4 16. Nxe4 Nxe4 17. Qh3 b5 18. Rc1 Qa5 19. a3 Rac8 20. b4 Qb6 21. c5 dxc5 22.
Nxe5 Qe6 23. Qe3 f5 24. gxf5 Qxf5 25. Bh3 Qh5 26. Bg4 Qh4 27. Bxc8 Rxc8 28. bxc5
Bd5 29. f3 Bg5 30. Qd4 Bxc1 31. Qxd5+ 1-0

[Event "Mondiale Lampo FIDE 2019"]
[Site "Mosca"]
[Date "30.12.2019"]
[Round "13.66"]
[White "Xu, Xiangyu"]
[Black "Bologan, Victor"]
[Result "0-1"]
[WhiteTitle "GM"]
[BlackTitle "GM"]
[WhiteElo "2582"]
[BlackElo "2574"]
[WhiteFideId "8608288"]
[BlackFideId "13900048"]
[EventDate "2019.12.29"]

1. e4 d6 2. d4 Nf6 3. Nc3 e5 4. dxe5 dxe5 5. Qxd8+ Kxd8 6. Bg5 Be6 7. O-O-O+ Nd7
8. f4 exf4 9. Nge2 Bd6 10. Bxf4 Bxf4+ 11. Nxf4 Ng4 12. Rd2 c6 13. Nce2 Nf2 14.
Rg1 Nxe4 15. Nxe6+ fxe6 16. Rd4 Nf6 17. g4 e5 18. Rd3 Kc7 19. g5 Nd5 20. Bh3 Nc5
21. Rf3 Raf8 22. Rgf1 Rxf3 23. Rxf3 g6 24. Rf7+ Kb8 25. c4 Nb6 26. b3 Ne4 27.
Re7 Nxg5 28. Bg2 Rf8 29. Rxe5 Rf2 30. h4 Nf7 31. Re8+ Kc7 32. Bh3 Nd6 33. Re6
Nd7 34. Nd4 Rh2 35. Re3 Nc5 36. h5 gxh5 37. Bf5 Rh4 38. Re7+ Kd8 0-1

[Event "Mondiale Lampo FIDE 2019"]
[Site "Mosca"]
[Date "30.12.2019"]
[Round "13.67"]
[White "Kezin, Roman"]
[Black "Tsoi, Dmitry"]
[Result "1-0"]
[WhiteTitle "IM"]
[BlackTitle "FM"]
[WhiteElo "2470"]
[BlackElo "2321"]
[WhiteFideId "24124621"]
[BlackFideId "24194697"]
[EventDate "2019.12.29"]

1. Nf3 f5 2. g3 Nf6 3. Bg2 e6 4. O-O Be7 5. c4 O-O 6. Nc3 Na6 7. d4 d5 8. Bf4 c6
9. Qc2 Nc7 10. Ne5 Ne4 11. Rad1 g5 12. Bc1 Nd6 13. b3 Nf7 14. Nd3 Ne8 15. Bb2
Ned6 16. c5 Ne4 17. f3 Nxc3 18. Bxc3 f4 19. gxf4 gxf4 20. Nxf4 Bg5 21. Nd3 Be3+
22. Kh1 Qh4 23. f4 Nh6 24. Rf3 Nf5 25. Rdf1 Qf6 26. Ne5 Bxd4 27. Rh3 Bxc3 28.
Qxc3 d4 29. Qd3 Kh8 30. Be4 Rg8 31. Bxf5 exf5 32. Qxd4 Be6 33. Nf7+ Kg7 34.
Rxh7+ Kxh7 35. Qxf6 Bd5+ 36. Rf3 Rg6 37. Ng5+ Kh6 38. Qc3 Re8 39. Kg1 Bxf3 40.
exf3 Rf8 41. Kg2 Re8 42. Kg3 1-0

[Event "Mondiale Lampo FIDE 2019"]
[Site "Mosca"]
[Date "30.12.2019"]
[Round "13.68"]
[White "Pigusov, Evgeny"]
[Black "Kim, Alexey"]
[Result "1-0"]
[WhiteTitle "GM"]
[BlackTitle "GM"]
[WhiteElo "2555"]
[BlackElo "2464"]
[WhiteFideId "4100514"]
[BlackFideId "4129776"]
[EventDate "2019.12.29"]

1. Nf3 d5 2. g3 Nf6 3. Bg2 c6 4. c4 e6 5. b3 Be7 6. Bb2 O-O 7. O-O b5 8. d3 Nbd7
9. Nbd2 bxc4 10. bxc4 Rb8 11. Qc2 Qa5 12. Bc3 Qa3 13. Ne5 Qd6 14. Ndf3 c5 15.
Nxd7 Qxd7 16. Rab1 Bb7 17. Bxf6 Bxf6 18. cxd5 Bxd5 19. Nd2 Bxg2 20. Kxg2 h5 21.
h4 Qd5+ 22. Kg1 Bd4 23. Nc4 Rb4 24. a3 Rbb8 25. Rxb8 Rxb8 26. Rb1 Qd8 27. Rxb8
Qxb8 28. e3 Bf6 29. Nd2 Be7 30. Ne4 c4 31. dxc4 Bxa3 32. c5 Qb2 33. Qc4 Qb4 34.
Qc2 Qb2 35. Qxb2 Bxb2 36. c6 Be5 37. f4 Bc7 38. Nc5 Kf8 39. Na6 Bb6 40. c7 Bxc7
41. Nxc7 Ke7 42. Na6 Kd6 43. Kf2 Kd5 44. Kf3 Kc6 45. Ke4 f6 46. Kd4 Kb6 47. Nc5
e5+ 48. fxe5 fxe5+ 49. Kd5 a5 50. Nd3 Kb5 51. Nxe5 a4 52. Nc4 1-0

[Event "Mondiale Lampo FIDE 2019"]
[Site "Mosca"]
[Date "30.12.2019"]
[Round "13.69"]
[White "Aravindh, Chithambaram VR."]
[Black "Gukesh, D"]
[Result "1-0"]
[WhiteTitle "GM"]
[BlackTitle "GM"]
[WhiteElo "2605"]
[BlackElo "2547"]
[WhiteFideId "5072786"]
[BlackFideId "46616543"]
[EventDate "2019.12.29"]

1. c4 e6 2. Nc3 d5 3. d4 Be7 4. Nf3 Nf6 5. e3 O-O 6. Bd3 b6 7. cxd5 exd5 8. O-O
Bb7 9. Ne5 c5 10. Qf3 Nc6 11. Nxc6 Bxc6 12. b3 Qd7 13. Bb2 c4 14. Bf5 Qd6 15.
bxc4 dxc4 16. e4 b5 17. d5 Bd7 18. Bxd7 Qxd7 19. e5 b4 20. d6 bxc3 21. dxe7 Rfe8
22. Bxc3 1-0

[Event "Mondiale Lampo FIDE 2019"]
[Site "Mosca"]
[Date "30.12.2019"]
[Round "13.70"]
[White "Ruck, Robert"]
[Black "Rychagov, Andrey"]
[Result "0-1"]
[WhiteTitle "GM"]
[BlackTitle "GM"]
[WhiteElo "2530"]
[BlackElo "2545"]
[WhiteFideId "705713"]
[BlackFideId "4119932"]
[EventDate "2019.12.29"]

1. Nf3 d5 2. d4 Nf6 3. c4 e6 4. Nc3 Be7 5. Bg5 O-O 6. e3 h6 7. Bh4 b6 8. cxd5
Nxd5 9. Bxe7 Qxe7 10. Rc1 Bb7 11. Be2 Rc8 12. O-O c5 13. dxc5 Rxc5 14. Nxd5 Bxd5
15. Rxc5 bxc5 16. Qa4 Nd7 17. Rc1 Rb8 18. b3 Qd6 19. h3 Rb7 20. Rd1 Qc7 21. Nd2
Rb4 22. Qa3 Ne5 23. Rc1 Qb6 24. Qb2 Nd7 25. Qc3 Qb7 26. Bf1 Qb8 27. Nc4 Rb7 28.
Nb2 Bc6 29. Nd3 Rc7 30. Nxc5 Bd5 31. b4 Bxa2 32. Qa3 Nxc5 33. bxc5 Bd5 34. Qa5
Bc6 35. Rd1 Bd5 36. f3 Qc8 37. Rc1 Bc6 38. e4 Rd7 39. Rb1 Kh7 40. Ba6 Qe8 41.
Bf1 Qe7 42. Rc1 Rc7 43. Qc3 Qg5 44. Rc2 Ba4 45. Rc1 Bc6 46. Rc2 Rd7 47. Rc1 Rd2
48. Rc2 Rd1 49. Kf2 Qh4+ 50. g3 Qd8 51. Be2 Rd4 52. Ke3 e5 53. Kf2 Qd7 54. Ra2
Qxh3 55. Rxa7 Qh2+ 56. Kf1 Qxg3 57. Rxf7 Rd7 58. Rf5 Re7 59. Qe1 Qh3+ 60. Kf2
Bd7 61. Rf8 Qh4+ 62. Kf1 Bh3+ 0-1

[Event "Mondiale Lampo FIDE 2019"]
[Site "Mosca"]
[Date "30.12.2019"]
[Round "13.71"]
[White "Khanin, Semen"]
[Black "Iljiushenok, Ilia"]
[Result "1/2-1/2"]
[WhiteTitle "IM"]
[BlackTitle "GM"]
[WhiteElo "2500"]
[BlackElo "2521"]
[WhiteFideId "4111990"]
[BlackFideId "24105074"]
[EventDate "2019.12.29"]

1. e4 c6 2. d4 d5 3. exd5 cxd5 4. Bd3 Nc6 5. c3 Qc7 6. h3 Nf6 7. Nf3 g6 8. Qc2
Nh5 9. O-O Nf4 10. Bb5 Bd7 11. Re1 Bg7 12. Be3 O-O 13. Qd2 Nh5 14. g4 Nf6 15.
Bf4 Qc8 16. Qe2 h5 17. g5 Ne4 18. h4 Bg4 19. Qe3 Qf5 20. Bd3 Bxf3 21. Qxf3 e5
22. Bxe4 dxe4 23. Rxe4 exf4 24. Rxf4 Qb5 25. b3 Rae8 26. Nd2 Qe2 27. Qxe2 Rxe2
28. Rd1 Rfe8 29. Kf1 R2e7 30. Nc4 Rd7 31. b4 Ne7 32. Re1 Kf8 33. Rfe4 Rdd8 34.
Na5 Nd5 35. Nxb7 Nxc3 36. Rxe8+ Rxe8 37. Re3 Bxd4 38. Rd3 Bg7 39. Rd7 Ne4 40. f3
Ng3+ 41. Kf2 Nf5 42. Nc5 Bd4+ 43. Kf1 Re3 44. Ne4 Rxf3+ 45. Kg2 Nxh4+ 46. Kh2
Be5+ 47. Kg1 Re3 48. Nc5 Nf3+ 49. Kf2 Ra3 50. Nd3 Bd4+ 51. Kxf3 Rxd3+ 52. Ke4
Rd1 53. Rxd4 Rxd4+ 54. Kxd4 Ke7 55. Ke5 Kd7 56. a4 Kc6 57. Kd4 Kd6 58. Ke4 a6
59. Kd4 Kc6 60. Ke5 Kc7 61. Kd5 Kd7 62. Ke5 Kc6 63. Kd4 Kd6 64. Ke4 Kc6 65. Ke5
Kc7 66. Ke4 Kd6 67. Kd4 Kc6 68. Ke5 Kd7 69. Kd5 Kc7 70. Ke5 Kc6 71. Ke4 Kd6 72.
Kd4 Kc6 73. Ke5 Kb6 74. Ke4 Kc6 75. Ke5 Kc7 76. Ke4 Kd6 77. Kd4 Kc6 78. Ke4 1/2-1/2

[Event "Mondiale Lampo FIDE 2019"]
[Site "Mosca"]
[Date "30.12.2019"]
[Round "13.72"]
[White "Sadhwani, Raunak"]
[Black "Gasanov, Eldar"]
[Result "1-0"]
[WhiteTitle "IM"]
[BlackTitle "GM"]
[WhiteElo "2507"]
[BlackElo "2481"]
[WhiteFideId "35093487"]
[BlackFideId "14104466"]
[EventDate "2019.12.29"]

1. d4 Nf6 2. Nc3 d5 3. Bf4 c5 4. e3 cxd4 5. exd4 a6 6. Nf3 Bg4 7. Be2 e6 8. Ne5
Bxe2 9. Nxe2 Qb6 10. O-O Nc6 11. c3 Nxe5 12. Bxe5 Be7 13. Qb3 Qc6 14. Nf4 O-O
15. Nd3 Rfc8 16. a4 b6 17. Bxf6 Bxf6 18. f4 g6 19. Qd1 Rab8 20. g4 b5 21. axb5
Qxb5 22. f5 exf5 23. gxf5 Kg7 24. Qf3 Rb6 25. Rf2 a5 26. fxg6 hxg6 27. Nf4 Rd8
28. Qg4 Kg8 29. Raf1 Bg7 30. Nh3 Qd7 31. Qh4 f5 32. Nf4 Rf8 33. Rg2 Rff6 34. Re1
a4 35. h3 Rbc6 36. Re5 Rfd6 37. Re7 Qd8 38. Rxg7+ Kxg7 39. Ne6+ Rxe6 40. Qxd8
Rcd6 41. Qc7+ Kh6 42. Qc8 Re1+ 43. Kh2 Kg7 44. Qc7+ 1-0

[Event "Mondiale Lampo FIDE 2019"]
[Site "Mosca"]
[Date "30.12.2019"]
[Round "13.73"]
[White "Sutovsky, Emil"]
[Black "Pogosyan, Stefan"]
[Result "1/2-1/2"]
[WhiteTitle "GM"]
[BlackTitle "IM"]
[WhiteElo "2643"]
[BlackElo "2459"]
[WhiteFideId "2802007"]
[BlackFideId "34159867"]
[EventDate "2019.12.29"]

1. e4 g6 2. d4 Bg7 3. Nc3 e6 4. f4 Ne7 5. Nf3 d6 6. Be3 Nd7 7. a4 a5 8. Qd2 b6
9. Bd3 Bb7 10. O-O-O d5 11. e5 c5 12. Nb5 O-O 13. g4 c4 14. Be2 Bc6 15. h4 Bxb5
16. axb5 a4 17. Qb4 Nc8 18. f5 Re8 19. Bg5 Qc7 20. fxg6 fxg6 21. h5 h6 22. hxg6
hxg5 23. Nxg5 Nf8 24. Qc3 Qe7 25. Rh5 a3 26. Rdh1 a2 27. Kd2 a1=Q 28. Rxa1 Rxa1
29. Qh3 Nxg6 30. c3 Nf4 31. Qh2 Nxh5 32. Qxh5 Rg1 33. Qh7+ Kf8 34. Qg6 Kg8 35.
Qh7+ Kf8 36. Qg6 Rd8 37. Nh7+ Kg8 38. Nf6+ Kf8 39. Nh7+ Kg8 40. Nf6+ Kf8 41.
Nh7+ Kg8 1/2-1/2